[Event "10th Edmonton International"]
[Site "Edmonton"]
[Date "2015.06.27"]
[Round "8.5"]
[White "Hambleton, Aman"]
[Black "Ganguly, Surya Shekhar"]
[Result "0-1"]
[WhiteElo "2446"]
[BlackElo "2625"]
[PlyCount "68"]
[EventDate "2015.06.20"]
[EventType "tourn"]
[EventRounds "9"]
[EventCountry "CAN"]

1. d4 d5 2. c4 dxc4 3. e4 b5 4. a4 c6 5. Nc3 a6 6. axb5 cxb5 7. Nxb5 axb5 8.
Rxa8 Bb7 {This interesting exchange sacrifice became quite popular lately. It
was played by a few strong grandmasters including Kasimdzanov, Nisipeanu and
even Hikaru Nakamura.} 9. Ra2 (9. Ra1 {is much more popular but not
necessarily better.}) 9... e6 {Correct.} ({White's idea is revealed after} 9...
Bxe4 $6 10. f3 Bd5 11. b3 {and then the rook can swing along the second rank.})
10. f3 Nc6 11. Ne2 Bb4+ 12. Bd2 Nge7 ({The computer strongly prefers} 12... Nf6
) 13. b3 O-O 14. bxc4 bxc4 15. Qb1 (15. Qc1 $5 Qb6 16. Qxc4 {going after the
c4-pawn deserves attention.}) 15... Qb6 16. Bxb4 $2 {This capture changes the
evaluation of the position dramatically.} ({The fearless computer point out to
the right continuation:} 16. Rb2 $1 Bxd2+ 17. Kxd2 c3+ 18. Kxc3 Qa5+ 19. Kd3
Ba6+ 20. Ke3 Bxe2 21. Bxe2 Qc3+ 22. Kf2 Qxd4+ 23. Ke1 {The position remains
unclear though because of the white rook stuck in the corner.}) 16... Nxb4 17.
Nc3 Nec6 18. Rd2 Ra8 {This gives the opponent an opportunity to simplify the
position.} (18... Ba6 $5 {holding on to the c4-pawn is stronger.}) 19. Be2 $2 {
White misses his chance and never gets another real one to come back.} ({He
should have tried} 19. Bxc4 Nxd4 20. Rxd4 Qxd4 21. Qxb4 Ba6 22. Ne2 Qxc4 23.
Qxc4 Bxc4 24. Nc1 {with good chances to hold the endgame.}) 19... Ra3 20. Qc1
Nxd4 21. Bd1 Ra8 22. Na4 Rxa4 $1 {Black will be down a lot of material but his
spectacular attack is irresistible.} 23. Bxa4 Nxf3+ 24. gxf3 Qe3+ 25. Kf1 Qxf3+
26. Kg1 Qe3+ 27. Kf1 Qf3+ 28. Kg1 Qe3+ 29. Kf1 Nd3 $1 30. h4 {White is
defenceless.} ({For example,} 30. Qxc4 Qe1+ 31. Kg2 Qxd2+ {etc.}) 30... Qf4+
31. Kg1 Qe3+ 32. Kf1 c3 $1 33. Rhh2 Ba6 {A superb picture of complete
domination!} 34. Rhe2 Qxe2+ {Black is going to regain all his material
investments with a lot of interest.} 0-1

[Event "10th Edmonton International"]
[Site "Edmonton"]
[Date "2015.06.28"]
[Round "9.2"]
[White "Wang, Hao"]
[Black "Harikrishna, Pentala"]
[Result "1/2-1/2"]
[WhiteElo "2704"]
[BlackElo "2733"]
[PlyCount "133"]
[EventDate "2015.06.20"]
[EventType "tourn"]
[EventRounds "9"]
[EventCountry "CAN"]

1. c4 Nf6 2. Nc3 e5 3. Nf3 Nc6 4. g3 Bb4 5. Nd5 Nxd5 {In general, this capture
is premature is Black can't quickly remove the d5-pawn off the board.} (5...
Bc5 {is more flexible and popular.}) 6. cxd5 Nd4 7. Nxd4 (7. Nxe5 $2 {gets
White is trouble after} Qe7) 7... exd4 8. Bg2 O-O 9. O-O d6 10. Qc2 Bc5 11. b3
Bg4 12. e3 {White can be satisfied with the course of the opening so far. If
Black captures on e3, White will obtain a superior structure and a comfortable
position while playing for two results. Therefore, Black tries to mix things
up a bit.} Qd7 13. Bb2 Bf5 14. e4 $1 Bg6 15. d3 {The d4-pawn is cut off from
the rest of the army and is going to be lost.} Rfe8 16. Kh1 Rac8 17. f4 f6 18.
Qf2 Qb5 19. Bxd4 Qxd3 20. Bxc5 dxc5 21. Rad1 $1 {White evaluated the position
correctly. Instead of trying to win material immediately he strengthens his
presence in the center.} Qa6 22. Rfe1 Qd6 23. Qb2 Rcd8 24. e5 fxe5 25. fxe5 Qe7
26. h4 Bh5 27. Rd2 g5 $5 {Black's position looks so passive that he seeks
counterplay notwithstanding the weakening of his king.} 28. hxg5 Qxg5 29. Qc3
Rd6 30. Rf2 Qg7 31. Re3 Rg6 32. Kg1 Rg5 33. e6 {Black has been playing
creatively but White maintains a firm grip on the position.} Qxc3 34. Rxc3 c6 (
34... b6 $6 {isn't going to help since White breaks through with} 35. b4 $1)
35. dxc6 bxc6 36. Re3 Bg4 37. e7 Rg6 {It seems that White is getting close but
the future course of the game suggests that he should look for improvement
right here.} 38. Rc2 {This wins a pawn but allows the opponent to get rid of
an annoying nail on e7.} ({The following regrouping deserves serious attention:
} 38. Rf4 $5 Bd7 39. Bf1 Kg7 40. Bc4 Rf6 41. Rfe4 {and it feels like Black is
on the ropes.}) 38... Kf7 39. Rxc5 Rxe7 40. Rxe7+ Kxe7 41. Bxc6 Kd6 42. Rc3 {
During the game it looked like White was going to convert his advantage into a
full point but Black somehow managed to hold.} Rg5 43. Be4 Ra5 44. Rc2 h5 45.
Kf2 Bd7 46. Rd2+ Kc7 47. Bd5 Rc5 48. Ke3 Rc1 49. Bf3 Be8 50. Kf4 Rf1 51. Rc2+
Kd6 52. Rc3 Rf2 53. a3 a5 54. Kg5 Rh2 55. Rc8 ({Perhaps,} 55. Rd3+ Ke7 56. Re3+
{is a better try.}) 55... Bd7 56. Ra8 a4 57. bxa4 Ra2 58. Ra6+ (58. Bxh5 Rxa3
59. g4 Rxa4 60. Rxa4 Bxa4 {is a tablebase draw.}) 58... Ke7 59. a5 Rxa3 60. Kf4
Ra4+ 61. Be4 Bb5 {Now Black can breathe a sigh of relief.} 62. Ra7+ Kd6 63. Ke3
Ra3+ 64. Kf4 Ra4 65. Ke3 Ra3+ 66. Kd4 Ra4+ 67. Ke3 1/2-1/2

[Event "10th Edmonton International Open"]
[Site "Edmonton"]
[Date "2015.06.28"]
[Round "5.1"]
[White "Fellah, Mohamad"]
[Black "Briones, Dante"]
[Result "0-1"]
[WhiteElo "1793"]
[BlackElo "1990"]
[PlyCount "134"]
[EventDate "2015.06.26"]
[EventType "swiss"]
[EventRounds "5"]
[EventCountry "CAN"]

1. e4 e6 2. d4 d5 3. Nc3 Bb4 4. e5 c5 5. a3 Ba5 6. b4 cxd4 7. Nb5 Bc7 8. f4 Nc6
9. Qg4 Kf8 10. Nf3 a5 11. Rb1 axb4 12. axb4 g6 13. Bd3 Kg7 14. O-O Ra4 15.
Nfxd4 Nxd4 16. Nxd4 Nh6 17. Qh3 Nf5 18. Bxf5 exf5 19. Qb3 Ra8 20. Be3 Bb6 21.
Rfd1 Bxd4 22. Bxd4 Be6 23. Bc5 b5 24. Qh3 h5 25. Ra1 Qd7 26. Qh4 Rhe8 27. Rxa8
Rxa8 28. Be7 Ra2 29. h3 Rxc2 30. Ra1 Qb7 31. Qf6+ Kg8 32. Bf8 Kxf8 33. Qd8+ Kg7
34. Ra8 Qxa8 35. Qxa8 d4 36. Qd8 Rd2 37. Kh2 d3 38. Kg3 Bc4 39. Qf6+ Kh7 40. e6
Bxe6 41. Qc3 Rd1 42. Kh4 Bc4 43. Kg5 Rb1 44. Kf6 Rf1 45. Qd4 Re1 46. Qd8 Re6+
47. Kg5 Kg7 48. g4 fxg4 49. hxg4 hxg4 50. Kxg4 Re2 51. f5 gxf5+ 52. Kxf5 Re6
53. Qd4+ Kh7 54. Kg5 Rg6+ 55. Kf4 Re6 56. Kg5 f6+ 57. Kf5 Kg7 58. Qd7+ Kf8 59.
Qd4 Kf7 60. Kf4 Re7 {The game featured a number of twists and turns finally
reaching a position that is objectively drawn. Due to an exposed position of
his king Black can't make real progress. It seems, however, that White was
still playing for a win not taking into account the changed circumstances.} 61.
Kf5 $4 {A terrible blunder that cost White his tournament.} ({Instead, after a
normal waiting move like} 61. Qd6 {a handshake is in order.}) 61... Be6+ $1 62.
Kf4 Rd7 $1 {This regrouping is decisive.} 63. Qg1 d2 64. Qd1 Ke7 65. Kg3 Bb3
66. Qe2+ Kd8 67. Qxb5 d1=Q 0-1

[Event "2015 Fort McMurray Open"]
[Site "Fort McMurray"]
[Date "2015.07.04"]
[Round "2.1"]
[White "Pechenkin, Vladimir"]
[Black "Abad, Arden Troy G."]
[Result "1-0"]
[WhiteElo "2385"]
[BlackElo "1788"]
[PlyCount "57"]
[EventDate "2015.07.04"]
[EventType "swiss"]
[EventRounds "5"]
[EventCountry "CAN"]

1. c4 e5 2. g3 Nf6 3. Bg2 d5 4. cxd5 Nxd5 5. Nc3 Nb6 6. Nf3 Nc6 7. O-O Be7 8.
a3 Be6 9. b4 O-O 10. Rb1 a6 11. d3 f6 12. Bb2 Kh8 13. Qc2 Qd7 14. Ne4 Bh3 15.
Nc5 Bxc5 16. bxc5 Nd5 17. Rfd1 Bxg2 18. Kxg2 Qg4 19. Bc1 Rab8 20. h3 Qe6 21. e4
Nde7 22. d4 exd4 23. Nxd4 Nxd4 24. Rxd4 Nc6 25. Rd5 Ne7 26. Rd1 f5 27. Re1 {So
far the game has developed normally. White has pressure on the queenside and
intends to increase it by putting the bishop on f4. Black seeks his chances on
the kingside.} Nd5 $2 {This looks like a creative way to prevent Bf4 as White
can't take the knight. Or can he?} 28. exd5 $3 {It turns out that the capture
is not only possible but also ends the game immediately.} Qxe1 29. Be3 ({Black
resigned in view of the following line:} 29. Be3 Qa5 30. Bd2 Qxa3 31. Bb4 {and
the queen is trapped.}) 1-0

[Event "2015 Fort McMurray Open"]
[Site "Fort McMurray"]
[Date "2015.07.05"]
[Round "4.1"]
[White "Pechenkin, Vladimir"]
[Black "Gardner, Robert"]
[Result "1-0"]
[WhiteElo "2385"]
[BlackElo "2220"]
[PlyCount "89"]
[EventDate "2015.07.04"]
[EventType "swiss"]
[EventRounds "5"]
[EventCountry "CAN"]

1. c4 e5 2. g3 Nc6 3. Nc3 g6 4. Bg2 Bg7 5. d3 Nge7 6. e3 d6 7. Nge2 Be6 8. Nd5
Qd7 9. Nec3 Nd8 10. Nxe7 Qxe7 11. Bd2 {White's setup is not very impressive
but the position remains about equal.} c6 12. b4 O-O 13. Rc1 f5 14. O-O g5 15.
f4 e4 $2 {The complications initiated by this break work in White's favor as
Ra8 and Nd8 are too far from action.} 16. dxe4 Bxc4 17. Re1 fxe4 18. Nxe4 d5
19. Nxg5 h6 20. Nf3 Bxa2 21. Qc2 Bc4 22. e4 {The game is going to open up, and
White's pieces are simply better prepared for that. Black's position is
critical.} Qf7 23. exd5 Bxd5 24. Ne5 Qe6 $2 (24... Bxe5 25. Rxe5 Bxg2 26. Kxg2
Ne6 {is more tenacious.}) 25. Ng6 Bd4+ 26. Kh1 Bxg2+ 27. Kxg2 Qd5+ 28. Qe4 {
Black's lag in development essentially decides the outcome of the game.} Qxe4+
({Or} 28... Rf7 29. Ne7+ Rxe7 30. Qxd5+ cxd5 31. Rxe7) 29. Rxe4 Rf6 30. f5 {
The most incisive continuation.} c5 31. Ne7+ Kf7 32. bxc5 Bb2 33. Rc2 Ba3 34.
g4 Ra6 {Black managed to avoid major material losses. Nevertheless, White is
up a pawn and his superior piece coordination makes his advantage decisive.
Black plays for tactical tricks trying to utilize his advantage on the clock.}
35. Nd5 Rc8 36. Be3 Kf8 37. h4 Nf7 38. g5 hxg5 39. hxg5 Rd6 40. Ne7 Rc7 41. f6
b6 42. Ng6+ {Fortunately, White finds a line that wins the whole rook.} Kg8 43.
Re8+ Kh7 44. Nf8+ Kg8 45. Ne6+ 1-0

[Event "2015 Canadian Closed"]
[Site "Guelph"]
[Date "2015.07.11"]
[Round "3.16"]
[White "Shi, Diwen"]
[Black "Chen, Richard"]
[Result "1-0"]
[WhiteElo "2214"]
[BlackElo "2297"]
[PlyCount "129"]
[EventDate "2015.07.10"]
[EventType "swiss"]
[EventRounds "9"]
[EventCountry "CAN"]

1. e4 e6 2. d4 d5 3. Nc3 Bb4 4. exd5 exd5 5. Bd3 Nc6 6. a3 Bxc3+ 7. bxc3 Nge7
8. Qf3 Be6 9. Ne2 Qd7 10. Ng3 O-O-O 11. O-O h5 12. h4 Rdg8 13. Re1 f6 14. Qe2
Bf7 15. f4 Kb8 16. Be3 Qg4 17. Qxg4 hxg4 18. Bf2 Rxh4 19. Nf5 Nxf5 20. Bxf5
Rhh8 21. Bxg4 g5 22. f5 Re8 23. Bg3 Na5 24. Kf2 Nc4 25. Rxe8+ Rxe8 26. Rh1 Ne3
27. Kf3 {The position is objectively equal. However, Black started grabbing
White's queenside pawns underestimating the opponent's play on the kingside.}
Nxc2 $2 28. Rh6 Nxa3 29. Rxf6 Re7 30. Rh6 Nc4 31. f6 $2 {White must have been
satisfied with a draw at this point.} ({Otherwise, he would have found} 31. Bh5
$1 Bxh5+ 32. Rxh5 {when the f-pawn decides the game in his favor. For example,}
Re8 33. Kg4 a5 34. f6 {etc.}) 31... Re8 $2 {Black must have been playing for a
win.} ({Otherwise, he would have taken the draw:} 31... Nd2+ 32. Kf2 Ne4+ {
with a repetition.}) 32. Rh7 $2 {Same problem.} (32. Bh5 {is still winning.})
32... Nd2+ 33. Kf2 Ne4+ 34. Kf3 Rf8 {Correct. The insertion of a couple of
moves gives Black the right to play for a win.} 35. Be5 a5 36. Bf5 $2 {This
natural continuation runs into a crushing blow:} Nxf6 $1 37. Bxf6 Bg6 $1 {The
point.} 38. Bxg6 Rxf6+ 39. Bf5 Rxf5+ 40. Kg4 Rf2 41. g3 Rc2 42. Kxg5 Rxc3 43.
g4 {Can you believe that White managed to win this position?} Rc4 $2 {A wrong
approach. Black doesn't need more passed pawns to win.} ({Correct is} 43... a4
44. Kf4 a3 45. Rh1 a2 46. Ra1 Rc2 47. g5 b5 {etc.}) 44. Kf6 Rxd4 45. g5 Rg4 $2
{Now the position is drawn.} ({Black can still get a full point by} 45... Rf4+
46. Ke5 Rg4 {gaining a crucial tempo with a check.}) 46. g6 b5 {Black keeps on
playing for a win but he should already be thinking about a draw.} ({The
simplest way is} 46... a4 {with a sample line} 47. Rh5 Ka7 48. Rxd5 Kb6 49. g7
a3 50. Rd3 a2 51. Ra3 Rf4+ 52. Kg6 Rg4+ {and a repetition is in order.}) 47.
Rh5 Rxg6+ {Probably the best decision.} 48. Kxg6 Kb7 ({Black is not obligated
to give up one of his pawns and can try} 48... c6 $5 49. Kf6 a4 50. Ke5 Kc7 51.
Kd4 Kb6 {with a very interesting position.}) 49. Rxd5 c6 {This is actually a
draw according to the tablebases.} 50. Rd1 b4 51. Kf5 Kb6 52. Ke4 Kb5 $2 (52...
a4 $1 {is the only way to get half a point but don't ask me why.}) 53. Kd3 $1 {
The only but sufficient move. Diwen plays the rest of the game precisely and
never lets the win slip away.} c5 54. Kc2 a4 55. Rd8 c4 56. Rb8+ Kc5 57. Rc8+
Kb5 58. Rb8+ Kc5 59. Kb2 c3+ 60. Kc2 Kc4 61. Rc8+ Kb5 62. Ra8 a3 63. Kb3 Kb6
64. Rb8+ Kc5 65. Rxb4 1-0

[Event "8th Calgary International"]
[Site "Calgary"]
[Date "2015.08.02"]
[Round "7.5"]
[White "Yam, Alex"]
[Black "Humphreys, Michael"]
[Result "1-0"]
[WhiteElo "2306"]
[BlackElo "2207"]
[PlyCount "161"]
[EventDate "2015.07.29"]
[EventType "swiss"]
[EventRounds "9"]
[EventCountry "CAN"]

1. e4 c5 2. c3 g6 3. d4 cxd4 4. cxd4 d5 5. exd5 Nf6 6. Nc3 Bg7 7. Qb3 O-O 8.
Be2 Na6 9. Bg5 Qb6 10. Qxb6 axb6 11. Nf3 Nb4 12. O-O Nfxd5 13. a3 Nxc3 14. bxc3
Nd5 15. Rfc1 Rd8 16. c4 h6 17. Bd2 Nc7 18. Bb4 Bf6 19. Rab1 Bf5 20. Rb3 Ne6 21.
d5 Nf4 22. Bf1 b5 23. cxb5 Nxd5 24. Bd2 Kg7 25. h3 Be6 26. Bc4 Rdc8 27. Kh2 Rc5
28. Bxd5 Rxd5 29. Bc3 Rf5 30. Bxf6+ Kxf6 31. Rb2 Rxa3 32. Nd4 Re5 33. Nxe6 Rxe6
34. Rc7 b6 35. Rb4 Rd3 36. Rb7 Rd5 37. f3 Kg7 38. Kg3 f5 39. Rb2 Kf7 40. Rb8
Rd4 {Looking at the diagram it's hard to imagine that White can dream of
anything more than a draw.} 41. Rc2 $5 {The time control has passed and White
decides to activate the second rook at a cost of another pawn.} Rb4 42. Rcc8
Rxb5 $2 {Black must not be in a rush to capture this pawn.} ({Instead, he
should improve his position on the kingside:} 42... g5 {Then} 43. Rf8+ {may be
answered by} Kg6 44. Rg8+ Kh5 $1) 43. Rf8+ Kg7 44. Rg8+ Kf6 45. f4 $1 {An
excellent resource. Suddenly, Black must play precisely.} Rd6 $2 {He doesn't.}
({Correct is} 45... Re3+ {clearing the e6-square for the king with a tempo.
For example,} 46. Kh4 g5+ 47. fxg5+ hxg5+ 48. Rxg5 Rb4+ 49. Kh5 e6 {and
Black's winning hopes are alive.}) 46. Rbf8+ Ke6 47. Rxg6+ Kd7 48. Rxd6+ Kxd6
49. Rh8 Rc5 50. Rxh6+ e6 {Now the game should be drawn but the adventures are
far from being over.} 51. Kh4 b5 52. g4 fxg4 53. hxg4 Ke7 ({Black is playing
for a draw now. Therefore,} 53... Rc1 {looks the simplest.}) 54. Rh7+ Kf6 55.
Rb7 Rc4 56. Kh5 Rxf4 57. g5+ Ke5 58. Rxb5+ Kd6 {This position is a tablebase
draw but White has a right to test his opponent.} 59. Rb7 e5 60. g6 Rf1 61. g7
Rh1+ 62. Kg6 Rg1+ 63. Kf7 {The critical position of the endgame.} Kc5 $2 {This
natural move loses!} ({The only way to draw is} 63... Rf1+ $1 64. Ke8 Rg1 {If
White tries} 65. Kf8 {then} Kc5 {is good enough to split the point.} {Here the
approach from the game} 66. Rb1 $4 {doesn't work because of} Rxb1 67. g8=Q Rb8+
{(that's why the white king had to be lured to the 8-th rank).}) 64. Rb1 $1
Rxb1 ({After} 64... Rg2 65. g8=Q Rxg8 66. Kxg8 e4 67. Kf7 Kd4 68. Ke6 e3 69.
Kf5 Kd3 70. Kf4 e2 71. Kf3 Kd2 72. Kf2 {Black lacks exactly one tempo to save
the game.}) 65. g8=Q Rb6 {This type of endgame has a reputation of being hard
to win but this time everything goes smoothly for White.} 66. Qg1+ Kc6 67. Ke6
e4 68. Qd4 Kc7+ 69. Ke5 Rc6 70. Kxe4 Rd6 71. Qa7+ Kd8 72. Ke5 Rg6 73. Qb7 Rh6
74. Qb3 Ra6 75. Qb4 ({I am not sure that the end of the game was recorded
properly as} 75. Qd3+ {wins immediately.}) 75... Rc6 76. Qb8+ Kd7 77. Qb7+ Rc7
78. Qb5+ Ke7 79. Qb4+ Kd8 80. Kd6 Rc8 81. Qh4+ 1-0

[Event "8th Calgary International"]
[Site "Calgary"]
[Date "2015.07.30"]
[Round "2.3"]
[White "Ng, Gary"]
[Black "Shabalov, Alexander"]
[Result "0-1"]
[WhiteElo "2194"]
[BlackElo "2538"]
[PlyCount "54"]
[EventDate "2015.07.29"]
[EventType "swiss"]
[EventRounds "9"]
[EventCountry "CAN"]

1. b4 b6 2. Bb2 Bb7 3. c4 e6 4. e3 Nf6 5. a3 d5 6. Nf3 a5 7. b5 Bd6 8. Be2 O-O
9. O-O Nbd7 10. d4 Qe7 11. Nbd2 Rad8 12. Qc2 Ne4 13. cxd5 exd5 14. Nxe4 dxe4
15. Nd2 Nf6 16. Nc4 Nd5 17. Nxd6 cxd6 18. Rac1 Kh8 19. Bc4 f5 {Gary opted for
this favorite Sokolsky and obtained a promising position out of the opening.
Black has just launched a dangerous looking kingside attack so White decides
to clarify matters.} 20. Bxd5 ({The computer advocates} 20. Qb3 {but after} Qe6
{it's unclear what to do next.}) 20... Bxd5 21. Qc7 Qe8 $6 ({Black can
actually force the white queen back by} 21... Rd7 $1 {since} 22. Qxb6 {runs
into} Ra8 $1 {followed by Rb7 trapping the queen.}) 22. Qxb6 f4 23. Qxa5 $6 {
This is way too provocative.} ({The computer suggests} 23. Kh1 $5 {getting
ready for} f3 $2 24. Rg1 $1) 23... f3 {Now what?} 24. g3 $2 {The losing move.}
({Remarkably, the only way to continue is} 24. g4 $1 {White tries to buy
enough time to play Kh1 and Rg1.} {The computer then recommends} Bc4 $1 25.
Rxc4 Qe6 26. h3 Qxc4 {with a highly unbalanced position and chances for both
sides.}) 24... Ra8 25. Qe1 Rf6 {It's all over now.} 26. g4 Rh6 27. Kh1 Qe7 0-1

[Event "8th Calgary International"]
[Site "Calgary"]
[Date "2015.07.30"]
[Round "2.5"]
[White "Gardner, Robert"]
[Black "Yam, Alex"]
[Result "1/2-1/2"]
[WhiteElo "2138"]
[BlackElo "2305"]
[PlyCount "48"]
[EventDate "2015.07.29"]
[EventType "swiss"]
[EventRounds "9"]
[EventCountry "CAN"]

1. d4 Nf6 2. c4 e5 3. dxe5 Ng4 4. Nf3 Bc5 5. e3 Nc6 6. a3 a5 7. b3 O-O 8. Bd3
Re8 9. Bb2 Ra6 10. Qc2 Ncxe5 11. Bxh7+ Kh8 12. Nxe5 Nxe5 13. Bf5 Qg5 14. Nc3 {
Black has a strong initiative that is worth more than a pawn.} Bxe3 $2 {A
little too early.} ({Somewhat surprisingly, the best move is} 14... Rf6 $1 {
White has no way of exploiting Black's awkwardly placed pieces.}) 15. fxe3 d5
$2 {The losing move.} ({Correct is} 15... Qxe3+ {keeping the enemy king in the
center. The position remains unclear.}) 16. O-O $1 Qxe3+ 17. Qf2 {Black is
simply down a piece for not much at all.} Nf3+ 18. gxf3 Qg5+ 19. Kh1 Qxf5 20.
Nxd5 Rae6 {A desperate try that suddenly works.} 21. Nxc7 Re2 22. Qh4+ Kg8 23.
Nxe8 Rxb2 {White has a ton of winning moves.} 24. Qd4 $4 {but not this one.}
Rxh2+ $1 {A draw was agreed here as White can simply take the rook and allow a
perpetual check.} ({In fact, he can actually give a try to the following
forced variation:} 24... Rxh2+ 25. Kg1 Rh1+ 26. Kf2 Rh2+ 27. Ke1 Qe6+ 28. Qe4
Qh6 29. Rd1 Bf5 30. Qe7 Bd3 31. Rg1 Qh4+ 32. Qxh4 Re2+ 33. Kf1 Rd2+ {and it is
only now that the perpetual check is unavoidable.}) 1/2-1/2